000 00440nam a2200181Ia 4500
001 23308
005 20260414150928.0
008 260414t2014||||xx |||||||||||||| ||spa||
041 _aESP
082 _a629.13092
_bQ68
100 _aQuiñones Gonzalez, José Abelardo
_eAUT
245 0 _aJ. Quiñones 100 años
_b
260 _c2014
300 _a220 páginas :
_c32 cm.
650 _aCNM
654 _aCCN
942 _cLIB
_dJUS
_fJUS
_2ddc
_n
999 _c23308
_d23308